书目信息 |
| 题名: |
安装工程计量与计价
|
|
| 作者: | 石焱 主编 | |
| 分册: | ||
| 出版信息: | 北京 高等教育出版社 2025.02 |
|
| 页数: | 201页, [5] 页图版 | |
| 开本: | 26cm | |
| 丛书名: | 高等职业教育土木建筑类专业群“建业筑新 匠心育才”系列教材 | |
| 单 册: | ||
| 中图分类: | TU723.32 | |
| 科图分类: | ||
| 主题词: | 建筑安装--jian zhu an zhuang--工程造价--高等职业教育--教材 | |
| 电子资源: | ||
| ISBN: | 978-7-04-063190-6 | |
| 000 | 01235nam 2200289 450 | |
| 001 | 93746 | |
| 005 | 20250819151339.04 | |
| 010 | @a978-7-04-063190-6@dCNY39.80 | |
| 099 | @aCAL 012025019793 | |
| 100 | @a20250317d2025 em y0chiy50 ea | |
| 101 | 0 | @achi |
| 102 | @aCN@b110000 | |
| 105 | @aafk a 000yy | |
| 106 | @ar | |
| 200 | 1 | @a安装工程计量与计价@Aan zhuang gong cheng ji liang yu ji jia@f主编石焱 |
| 210 | @a北京@c高等教育出版社@d2025.02 | |
| 215 | @a201页, [5] 页图版@c图@d26cm | |
| 225 | 2 | @a高等职业教育土木建筑类专业群“建业筑新 匠心育才”系列教材@Agao deng zhi ye jiao yu tu mu jian zhu lei zhuan ye qun“jian ye zhu xin jiang xin yu cai”xi lie jiao cai |
| 320 | @a有书目 (第200-201页) | |
| 330 | @a本书设置了三个学习情境、十六个任务, 每个学习情境均包含工程图纸识读及列项任务活页、工程计量与清单设置任务活页、工程计价任务活页等, 基本涵盖了工程计价所需要的基本技能和方法。 | |
| 333 | @a职业教育国家在线精品课程配套教材 | |
| 410 | 0 | @12001 @a高等职业教育土木建筑类专业群“建业筑新 匠心育才”系列教材 |
| 606 | 0 | @a建筑安装@Ajian zhu an zhuang@x工程造价@x高等职业教育@j教材 |
| 690 | @aTU723.32@v5 | |
| 701 | 0 | @a石焱@Ashi yan@4主编 |
| 801 | 0 | @aCN@c20250909 |
| 905 | @a河南城建学院图书馆@dTU723.32@eS549@f1 | |
| 安装工程计量与计价/主编石焱.-北京:高等教育出版社,2025.02 |
| 201页, [5] 页图版:图;26cm.-(高等职业教育土木建筑类专业群“建业筑新 匠心育才”系列教材) |
| 使用对象:职业教育国家在线精品课程配套教材 |
| ISBN 978-7-04-063190-6:CNY39.80 |
| 本书设置了三个学习情境、十六个任务, 每个学习情境均包含工程图纸识读及列项任务活页、工程计量与清单设置任务活页、工程计价任务活页等, 基本涵盖了工程计价所需要的基本技能和方法。 |
| ● |
| 相关链接 |
|
|
|
正题名:安装工程计量与计价
索取号:TU723.32/S549
 
预约/预借
| 序号 | 登录号 | 条形码 | 馆藏地/架位号 | 状态 | 备注 |
| 1 | 1627703 | 216277035 | 建筑库201/201建筑库 106排6列1层/ [索取号:TU723.32/S549] | 在馆 |